000
00235nam a22000857a 4500
008
161013b xxu||||| |||| 00| 0 eng d
100
_9
823
_a
Jain.R.K.
245
_a
Enaglish Grammer & Compositions
260
_a
New Delhi
_b
APC Publications
_c
2010
999
_c
3476
_d
3476